Les Hauts-de-France par images - Statistiques

Statistiques générales
  • Ce quiz a été pris 349 fois
  • Le résultat moyen est 10 sur 16
Statistiques - réponses
Par images Hint Réponse % Correct
Ville Lille
94%
Tunnel ferroviaire Tunnel sous {la} {Manche}
93%
Club de Football RC Lens
91%
Film Bienvenue chez les Ch'tis
90%
Fromage Maroilles
81%
Ville Amiens
77%
Friandise Bêtise de Cambrai
76%
Épisode historique Le vase de {Soissons}
71%
Ville Arras
63%
Parc à thèmes Parc Astérix
60%
Acteur Pierre Richard
48%
Plat Ficelle {picarde}
47%
Château Château de {Chantilly}
37%
Écrivain Jean de La Fontaine
31%
Château Château de {Compiègne}
25%
Géant dunkerquois Le Reuze
4%
Aucun quiz correspondant
Distribution des résultats
% des personnes avec chaque résultat
Percentile par nombre de réponses
Votre historique - résultats
Vous n’avez pas pris ce quiz